000
00207 a2200097 4500
001
3608
100
_a
Freund, R
245
_a
German basic & essentials reader
260
_a
_b
Nelson
_c
090
_c
2872
_d
2872
942
_a
NUST-CAE
_c
M
_c
20802
999
_c
238681
_d
238681